| 000 | 00706cab a2200253 4500 | ||
|---|---|---|---|
| 001 | ABS46159 | ||
| 008 | 090401t1992 xxu||||| |||| 00| 0 eng d | ||
| 035 | _a(Sirsi) u57013 | ||
| 041 | _aeng | ||
| 100 | _aClayton, P. | ||
| 245 | _aCompetitive forces in property | ||
| 260 | _c1992 | ||
| 350 | _a0 | ||
| 490 |
_aEstates Gazette _v(9210) 14 March 1992, 86-88(2) |
||
| 520 | _aConsiders the impact competitive forces in the property market have in the preparation of valuations. | ||
| 650 | _aDEFINITION | ||
| 650 | _aECONOMIC FACTORS | ||
| 650 | _aOPEN MARKET VALUE | ||
| 650 | _aPROPERTY MARKETS | ||
| 650 | _aRICS | ||
| 690 | _aRATING AND VALUATION | ||
| 942 | _n0 | ||
| 948 | _c04/03/1997 | ||
| 999 |
_c34769 _d34769 |
||